000
00219nam a22000977a 4500
999
_c
264072
_d
264071
020
_a
0439762391
100
_a
ALYSSA SATIN CAPUCILLI
245
_a
BISCUIT'S BIG FRIEND
260
_a
U.S.A
_b
SCHOLASTIC
_c
2003
942
_c
BK